Fußball: Vereine nach Wappen - #1 - Statistiken

Allgemein
  • Dieses Quiz wurde 885 mal gespielt
  • Das Durchschnittsergebnis liegt bei 16 aus 16
Antwortstatistiken
Bildquiz Antwort % Korrekt
Borussia Dortmund
100%
FC Bayern München
100%
Bayer 04 Leverkusen
99%
FC Barcelona
99%
Paris Saint-Germain
99%
Eintracht Frankfurt
98%
FC Liverpool
98%
Juventus Turin
98%
Real Madrid
98%
VfL Wolfsburg
97%
AC Mailand
96%
Borussia M'gladbach
96%
Manchester City
96%
SC Freiburg
95%
VfB Stuttgart
95%
Olympique Lyon
90%
Keine übereinstimmenden Quizze gefunden
Verteilung der Resultate
Anzahl Personen mit jedem Resultat
Perzentil nach korrekt beantworteten Fragen
Ihre Resultats-Entwicklung
Sie haben dieses Quiz noch nicht gespielt